| 000 | 01454 a2200265 4500 | ||
|---|---|---|---|
| 003 | Nust | ||
| 005 | 20170207154054.0 | ||
| 010 | _a 2009015531 | ||
| 020 | _a9780470520383 (cloth) | ||
| 040 | _cNust | ||
| 082 | 0 | 0 | _a332.10973 |
| 100 | 1 | _aBarry Ritholtz with Aaron Task. | |
| 245 | 1 | 0 |
_aBailout nation : how greed and easy money corrupted Wall Street and shook the world economy (E-Book) _cBarry Ritholtz with Aaron Task. |
| 260 |
_aHoboken, N.J. : _bJohn Wiley & Sons, _cc2009. |
||
| 300 |
_axx, 332 p. : _bill. ; _c24 cm. |
||
| 500 | _aIncludes index. | ||
| 505 | 0 | _aA brief history of bailouts -- The creation of the Federal Reserve, and its role in creating our bailout nation -- Pre-bailout nation : (1860-1942) -- Industrial-era bailouts (1971-1995) -- Stock market bailouts, 1987-1995 -- The irrational exuberance era (1996-1999) -- The tech wreck, 2000-2003 -- The backwards, rate-driven economy -- The mad scramble for yield -- The machinery of subprime -- A memo found in the street : Uncle Sam the enabler. | |
| 650 | 0 | _aBailouts (Government policy) | |
| 650 | 0 |
_aFinance _xGovernment policy _zUnited States. |
|
| 650 | 0 |
_aFinancial crises _zUnited States. |
|
| 650 | 0 | _aIntervention (Federal government) | |
| 651 | 0 |
_aBailout nation : how greed and easy money corrupted Wall Street and shook the world economy (E-Book) _xEconomic policy _y2001-2009. |
|
| 651 | 0 |
_aUnited States _xEconomic conditions _y2001-2009. |
|
| 700 | 1 | _aTask, Aaron. | |
| 942 |
_2ddc _cBK |
||
| 999 |
_c193268 _d193268 |
||